| 000 | 00402 a2200145 4500 | ||
|---|---|---|---|
| 999 |
_c2296 _d2296 |
||
| 020 | _a8176488607 | ||
| 050 | _aLB1028MIS2009 | ||
| 100 |
_aMishra, R.C _eauthor |
||
| 245 |
_aManagement of educational research / _cMishra RC |
||
| 264 |
_aNew Delhi: _bA P H Publishing, _c2009 |
||
| 300 |
_a273p. : _bill. |
||
| 500 | _aIncludes index | ||
| 650 | _a Education -- Research. | ||
| 942 |
_2lcc _cBK _h1028 _iMIS _kLB |
||